<?xml version="1.0" encoding="UTF-8"?>
<record
    xmlns:xsi="http://www.w3.org/2001/XMLSchema-instance"
    xsi:schemaLocation="http://www.loc.gov/MARC21/slim http://www.loc.gov/standards/marcxml/schema/MARC21slim.xsd"
    xmlns="http://www.loc.gov/MARC21/slim">

  <leader>01469nam a2200397 a 4500</leader>
  <controlfield tag="008">040728s2004||||xo a             0  slo c</controlfield>
  <datafield tag="020" ind1=" " ind2=" ">
    <subfield code="a">8096916807</subfield>
    <subfield code="c">10</subfield>
  </datafield>
  <datafield tag="040" ind1=" " ind2=" ">
    <subfield code="a">SNK</subfield>
    <subfield code="b">slo</subfield>
    <subfield code="c">SNK</subfield>
    <subfield code="e">AACR2</subfield>
  </datafield>
  <datafield tag="044" ind1=" " ind2=" ">
    <subfield code="a">xo</subfield>
    <subfield code="c">SK</subfield>
  </datafield>
  <datafield tag="072" ind1=" " ind2="7">
    <subfield code="a">271/279</subfield>
    <subfield code="2">SNK</subfield>
  </datafield>
  <datafield tag="080" ind1=" " ind2=" ">
    <subfield code="a">272(091)</subfield>
  </datafield>
  <datafield tag="080" ind1=" " ind2=" ">
    <subfield code="a">272</subfield>
  </datafield>
  <datafield tag="080" ind1=" " ind2=" ">
    <subfield code="a">2-6</subfield>
  </datafield>
  <datafield tag="080" ind1=" " ind2=" ">
    <subfield code="a">(048.8)</subfield>
  </datafield>
  <datafield tag="100" ind1="1" ind2=" ">
    <subfield code="a">Timkovi&#x10D;, Jozaf&#xE1;t V.</subfield>
  </datafield>
  <datafield tag="245" ind1="1" ind2="0">
    <subfield code="a">Dejiny gr&#xE9;ckokatol&#xED;kov Podkarpatska (9.-18. storo&#x10D;ie)</subfield>
    <subfield code="c">Jozaf&#xE1;t V. Timkovi&#x10D;</subfield>
  </datafield>
  <datafield tag="250" ind1=" " ind2=" ">
    <subfield code="a">[1. vyd.]</subfield>
  </datafield>
  <datafield tag="260" ind1=" " ind2=" ">
    <subfield code="a">Ko&#x161;ice</subfield>
    <subfield code="b">[Jozafat V. Timkovi&#x10D;]</subfield>
    <subfield code="c">2004</subfield>
  </datafield>
  <datafield tag="300" ind1=" " ind2=" ">
    <subfield code="a">954 s.</subfield>
    <subfield code="b">ilustr.</subfield>
    <subfield code="c">22 cm</subfield>
  </datafield>
  <datafield tag="500" ind1=" " ind2=" ">
    <subfield code="a">Res. rus., angl., franc., nem.</subfield>
  </datafield>
  <datafield tag="500" ind1=" " ind2=" ">
    <subfield code="a">Pseudonym Vladimirus de juxta Hornad</subfield>
  </datafield>
  <datafield tag="500" ind1=" " ind2=" ">
    <subfield code="a">Ilustr. na preds&#xE1;dkach a tit. strane</subfield>
  </datafield>
  <datafield tag="500" ind1=" " ind2=" ">
    <subfield code="a">Vydavate&#x13E; pod&#x13E;a ISBN. Miesto vydania pod&#x13E;a ISBN Pre&#x161;ov</subfield>
  </datafield>
  <datafield tag="504" ind1=" " ind2=" ">
    <subfield code="a">Bibliogr. s. 907-922. Bibliogr. odkazy. Reg.</subfield>
  </datafield>
  <datafield tag="610" ind1="0" ind2="7">
    <subfield code="a">Gr&#xE9;ckokatol&#xED;cka cirkev</subfield>
    <subfield code="z">Podkarpatsko</subfield>
    <subfield code="z">stor. 9.-19</subfield>
    <subfield code="x">dejiny</subfield>
    <subfield code="2">SNK</subfield>
  </datafield>
  <datafield tag="610" ind1="0" ind2="7">
    <subfield code="a">Gr&#xE9;ckokatol&#xED;cka cirkev</subfield>
    <subfield code="y">stor. 9.-19.</subfield>
    <subfield code="2">SNK</subfield>
  </datafield>
  <datafield tag="610" ind1="0" ind2="7">
    <subfield code="a">Gr&#xE9;ckokatol&#xED;cka cirkev</subfield>
    <subfield code="z">Podkarpatsko</subfield>
    <subfield code="2">SNK</subfield>
  </datafield>
  <datafield tag="611" ind1="1" ind2="7">
    <subfield code="a">Gr&#xE9;ckokatol&#xED;cka cirkev</subfield>
    <subfield code="z">Podkarpatsko</subfield>
    <subfield code="z">stor. 9.-19</subfield>
    <subfield code="x">dejiny</subfield>
    <subfield code="2">SNK</subfield>
  </datafield>
  <datafield tag="611" ind1="1" ind2="7">
    <subfield code="a">Gr&#xE9;ckokatol&#xED;cka cirkev</subfield>
    <subfield code="y">stor. 9.-19.</subfield>
    <subfield code="2">SNK</subfield>
  </datafield>
  <datafield tag="611" ind1="1" ind2="7">
    <subfield code="a">Gr&#xE9;ckokatol&#xED;cka cirkev</subfield>
    <subfield code="z">Podkarpatsko</subfield>
    <subfield code="2">SNK</subfield>
  </datafield>
  <datafield tag="650" ind1="0" ind2="7">
    <subfield code="a">Kres&#x165;ansk&#xE9; cirkvi, sekty, denomin&#xE1;cie</subfield>
    <subfield code="2">SNK</subfield>
  </datafield>
  <datafield tag="651" ind1="0" ind2="7">
    <subfield code="a">Podkarpatsko</subfield>
    <subfield code="y">stor. 9.-18.</subfield>
    <subfield code="2">SNK</subfield>
  </datafield>
  <datafield tag="651" ind1="0" ind2="7">
    <subfield code="a">Podkarpatsko</subfield>
    <subfield code="x">n&#xE1;bo&#x17E;ensk&#xE9; pomery</subfield>
    <subfield code="2">SNK</subfield>
  </datafield>
  <datafield tag="041" ind1=" " ind2=" ">
    <subfield code="a">slo</subfield>
  </datafield>
  <datafield tag="958" ind1=" " ind2=" ">
    <subfield code="a">APP</subfield>
  </datafield>
  <datafield tag="999" ind1=" " ind2=" ">
    <subfield code="c">15062</subfield>
    <subfield code="d">15062</subfield>
  </datafield>
  <datafield tag="952" ind1=" " ind2=" ">
    <subfield code="0">0</subfield>
    <subfield code="1">0</subfield>
    <subfield code="2">udc</subfield>
    <subfield code="4">0</subfield>
    <subfield code="7">0</subfield>
    <subfield code="8">K</subfield>
    <subfield code="a">10000</subfield>
    <subfield code="b">10000</subfield>
    <subfield code="d">2019-11-29</subfield>
    <subfield code="g">10.00</subfield>
    <subfield code="i">14099</subfield>
    <subfield code="l">1</subfield>
    <subfield code="m">10</subfield>
    <subfield code="o">I 0170</subfield>
    <subfield code="p">I0170</subfield>
    <subfield code="q">2025-07-08</subfield>
    <subfield code="r">2024-08-12</subfield>
    <subfield code="s">2024-08-12</subfield>
    <subfield code="w">2019-11-29</subfield>
    <subfield code="y">OLDO</subfield>
  </datafield>
</record>
